01152nam a2200241Ia 4500003000900000008004100009020001800050040001600068080002200084111009200106245026100198260006100459300001500520490003400535650003400569650002900603650003700632700003300669710004600702942000700748999001700755952013800772IN-BaIIA211028s9999 xx 000 0 eng d a1-58381-211-3 cIIA Library a082.2:52bASP-344 aInternational Astronomical Observatories in Chile WorkshopcChiled2004 Oct. 4-8930793 4aThe cool universe-observing cosmic dawnbproceedings of the 2004 International Astronomical Observatories in Chile Workshop held in Valparaiso, Chile, 4-8 Oct 2004cedited by C. Lidman and Danielle Alloin  aSan FranciscobAstronomical Society of the Pacificc2005 axiv, 268p. aASP conference series; v. 344 aCosmology - congresses930162 aGalactic astronomy96041 aThe Universe - congresses930794 aAlloin, Danielle, ed.924894 aAstronomical Society of the Pacific91154 cBK c16572d16572 00104070aBANbBANcGENd2007-08-17eASP g3107.72l0o082.2:52/ ASP-344p17494r2021-11-05v3107.72w2007-08-17yBKGRs. 3107.72